00259pam a2200109 a 4500020000500000041000800005082001300013100003200026245004200058260003900100300001000139 c aeng a547bPAV aPavlov, B and Terentyev, A. aOrganic Chemistry hTextual Documents aMoscow:bM I R Publishers ,c1976. a617p.